Asas pengurusan sumber manusia

Bibliographic Details
Main Author: Maimunah Aminuddin (Author)
Other Authors: Fauziah Noordin (Translator)
Format: Book
Language:Malay
Published: Shah Alam : Penerbit Fajar Bakti 2003
Subjects:

MARC

LEADER 00000cam a2200000 7i4500
001 0000015162
005 20241022.0
008 050221 my a may
020 |a 9676573159 
040 |a INS   |b eng   |e rda 
090 0 0 |a HF5549   |b .M35 2003 
100 0 |a Maimunah Aminuddin ,   |e author 
245 1 0 |a Asas pengurusan sumber manusia   |c Maimunah Aminuddin   |f penterjemah Dr. Fauziah Noordin 
264 1 |a Shah Alam :   |b Penerbit Fajar Bakti   |c 2003 
300 |a ix, 286 pages :   |b illustrations ;   |c 24 cm. 
336 |a text  |2 rdacontent 
337 |a unmediated  |2 rdamedia 
338 |a volume  |2 rdacarrier 
504 |a Includes bibliographical references and index 
650 0 |a Personnel management 
700 0 |a Fauziah Noordin ,   |e translator 
999 |a 0000014838   |b BOOK   |c Open Shelf   |e Default branch 
999 |a 0000015069   |b BOOK   |c Open Shelf   |e Default branch